Statistics for Biggest Immigrant Groups by US State (with a map)

Click here to take the quiz!

General Stats

  • This quiz has been taken 760 times
  • The average score is 40 of 50

Answer Stats

State % Correct
Alabama
100%
Illinois
100%
Tennessee
100%
Oregon
100%
Oklahoma
100%
Nevada
100%
Nebraska
100%
Missouri
100%
Mississippi
100%
Louisiana
100%
Wyoming
100%
Arizona
100%
Colorado
100%
Arkansas
100%
California
100%
Idaho
99%
Wisconsin
99%
Washington
99%
Utah
99%
Texas
99%
South Carolina
99%
North Carolina
99%
New Mexico
99%
Iowa
99%
Kansas
99%
Georgia
99%
New York
95%
Montana
92%
Kentucky
89%
Florida
89%
Maryland
87%
New Jersey
87%
Virginia
87%
Ohio
87%
Delaware
87%
Pennsylvania
87%
Connecticut
87%
Alaska
65%
West Virginia
65%
Hawaii
65%
Michigan
49%
Rhode Island
40%
Massachusetts
40%
Maine
35%
Minnesota
35%
South Dakota
25%
Indiana
14%
New Hampshire
9%
Vermont
9%
North Dakota
9%

Score Distribution

Percentile by Number Answered

Percent of People with Each Score

Your Score History

You have not taken this quiz